| 000 | 00000nam##2200000za#4500 |
| 001 | 9.635876 |
| 003 | CaOODSP |
| 005 | 20210624220452 |
| 007 | cr ||||||||||| |
| 008 | 150407|2008||||xxc|||||o f|0| 0 fre|d |
| 020 | |a978-1-100-90192-3 |
| 040 | |aCaOODSP|bfre |
| 043 | |an-cn--- |
| 086 | 1 |aX9-30/2008F-PDF |
| 110 | 1 |aCanada. |bParlement. |bChambre des communes. |
| 245 | 10|aProcesus d'amendement des projets de loi aux étapes du comité et du rapport / |h[ressource électronique]|crédigé par les Services législatifs. |
| 250 | |a2e édition |
| 260 | |aOttawa - Ontario : |bChambre des communes |cOctobre 2008. |
| 300 | |a12p. |
| 590 | |a12-26-Supp|b2012-06-07 |
| 691 | 07|aAmendement|2gcpds |
| 775 | 08|tAmending bills at committee and report stages / |w(CaOODSP)9.691548 |
| 856 | 40|ahttp://publications.gc.ca|qPDF|s972 Ko|uhttps://publications.gc.ca/collections/collection_2012/parl/X9-30-2008-fra.pdf |